| 000 | 00545nam a2200229Ia 4500 | ||
|---|---|---|---|
| 005 | 20251020182455.0 | ||
| 008 | 200515s9999 xx 000 0 und d | ||
| 082 | _a624.014.6/A45 | ||
| 100 | _aAlvarado Calderón, César | ||
| 245 | 0 | _aAnálisis y Diseño de Estructuras con SAP 2000® | |
| 250 | _a3a ed. | ||
| 260 | _aLima | ||
| 260 | _bICG | ||
| 260 | _c2008 | ||
| 300 | _a135 p. | ||
| 300 | _bil., tbl., graf. | ||
| 500 | _a1 ejemplar | ||
| 650 | _aDISEÑO DE ESTRUCTURAS | ||
| 650 | _aSAP2000 | ||
| 942 | _cLIB | ||
| 999 |
_c983 _d983 |
||